00489nam a22001457a 4500003000500000038001500005082000800020100001500028245014200043260003700185300003200222500001500254600003900269700003500308NUST aMr. Zahoor a200 aJawad Riaz aAssessment of Adoption of e-Government by Government Employees of Pakistan in Perspective of Diffusion of Innovation ( DOI) /cJawad Riaz aIslamabad :bCEME - NUST,c2016. axiv, 97 p. : ill. ;c30 cm. aHardcover. xEngineering Management - MS Thesis 4Supervisor: Dr. Muhammad Tahir